000 00362nam a22001577a 4500
003 OSt
005 20211209201338.0
008 211209b |||||||| |||| 00| 0 eng d
020 _a9781292023793
040 _cHU
082 _a330O`SU 2014
245 _aEconomics : principles and tools
260 _c2014
300 _a705P
_bPC
_c28cm
942 _2ddc
_cBOOKS
_n0
999 _c22159
_d22159